Artes e industrias del Buen Retiro (Record no. 120207)

MARC details
000 -LEADER
campo de control de longitud fija 01105nam a2200241 i 4500
001 - NÚMERO DE CONTROL
campo de control 120207
003 - IDENTIFICADOR DE NÚMERO DE CONTROL
campo de control ES-MaACL
005 - FECHA Y HORA DE LA ÚLTIMA TRANSACCIÓN
campo de control 20251217094457.0
007 - CAMPO FIJO DE DESCRIPCIÓN FÍSICA--INFORMACIÓN GENERAL
campo de control de longitud fija t|
008 - DATOS DE LONGITUD FIJA--INFORMACIÓN GENERAL
campo de control de longitud fija 070214s1904 sp r ||||1| spa d
100 1# - ENTRADA PRINCIPAL--NOMBRE DE PERSONA
Nombre de persona Pérez-Villamil, Manuel,
Fechas asociadas al nombre 1849-1917
9 (RLIN) 91209
245 10 - MENCIÓN DEL TÍTULO
Título Artes e industrias del Buen Retiro
Resto del título : la fábrica de China : el laboratorio de piedras duras y mosaico : Obradores de bronces y marfiles /
Mención de responsabilidad, etc. Manuel Pérez Villamil ; con una carta-prólogo del Excmo. Sr. D. Francisco de Laiglesia y treinta fototipias representando 136 láminas.
260 ## - PUBLICACIÓN, DISTRIBUCIÓN, ETC.
Lugar de publicación, distribución, etc. Madrid :
Nombre del editor, distribuidor, etc. Sucesores de Rivadaneyra,
Fecha de publicación, distribución, etc. 1904.
300 ## - DESCRIPCIÓN FÍSICA
Extensión XV, 151 p., 30 lám. ;
Dimensiones 27 cm.
530 ## - NOTA DISPONIBLE DE FORMULARIO FÍSICO ADICIONAL
Nota de formato físico adicional disponible Disponible en formato digital.
610 24 - PUNTO DE ACCESO ADICIONAL DE MATERIA--NOMBRE DE ENTIDAD CORPORATIVA
Nombre de entidad corporativa o nombre de jurisdicción como elemento de entrada Real Fábrica de Porcelana del Buen Retiro.
9 (RLIN) 143694
650 #4 - PUNTO DE ACCESO ADICIONAL DE MATERIA--TÉRMINO DE MATERIA
Término de materia o nombre geográfico como elemento de entrada Porcelana del Buen Retiro.
9 (RLIN) 158558
700 1# - ENTRADA AGREGADA--NOMBRE PERSONAL
Nombre de persona Laiglesia, Francisco de (
Fechas asociadas al nombre 1850-1922)
9 (RLIN) 69670
852 ## - LOCALIZACIÓN
Ubicación ES-MaACL
Número de control de estantería R-3053
Encuadernación Olim:F-12926
Ubicación en estantería Depósito 1
856 4# - LOCALIZACIÓN Y ACCESO ELECTRÓNICOS
Identificador Uniforme de Recursos <a href="http://bdh-rd.bne.es/viewer.vm?id=0000160178&page=1 ">http://bdh-rd.bne.es/viewer.vm?id=0000160178&page=1 </a>
Texto de enlace (Biblioteca Digital Hispánica)
942 ## - ELEMENTOS DE ENTRADA SECUNDARIOS (KOHA)
Fuente del sistema de clasificación o colocación Clasificación decimal universal
Holdings
Estatus retirado Estado de pérdida Estado de daño No para préstamo Colección Biblioteca de origen Biblioteca actual Ubicación en estantería Fecha de adquisición Fuente de adquisición Total de préstamos Signatura topográfica completa Código de barras Visto por última vez Precio de reemplazo Tipo de ítem Koha
        Colección digital Biblioteca del Ateneo de Madrid Biblioteca del Ateneo de Madrid Depósito 17/01/2008     R-3053 1125296 23/02/2023 23/02/2023 Libro impreso